000 00642nam a2200265Ia 4500
005 20260306163510.0
008 008 260114s9999 xx 000 0 eng d
020 _a9780520957114
037 _aEBOOK
040 _aCRL
040 _beng
040 _cCRL
041 _2eng
041 _aeng
084 _qCRL
100 _aVan Orden
_9924076
245 0 _aMusic, Authorship, And The Book In The First Century Of Print
260 _bUniversity of California Press
260 _c2014
650 _aMusic
856 _uhttps://academic.oup.com/book/28620
942 _cEBOOK
999 _c1710346
_d1710346